000
00258nam a22001217a 4500
003
SGT
082
_b
COV
100
_a
COVEY, STEPHEN R.
245
_a
PRINCIPLES CENTRED LEADERSHIP
260
_b
SIMON & SCHUSTER UK.
_c
1991
300
_a
332
942
_2
ddc
_c
BK
999
_c
13689
_d
13689